000 00611nam a2200265Ia 4500
005 20260306164212.0
008 008 260114s9999 xx 000 0 eng d
020 _a9780823250677
037 _aEBOOK
040 _aCRL
040 _beng
040 _cCRL
041 _2eng
041 _aeng
084 _qCRL
100 _aLachance Adams, Lundquist
_91130210
245 0 _aComing To Life
260 _bFordham University Press
260 _c2013
650 _aPhilosophy
856 _uhttps://academic.oup.com/book/16845
942 _cEBOOK
999 _c1713157
_d1713157